[Event "IMSA Rapid Women 2019"]
[Site "Hengshui"]
[Date "2019.05.14"]
[Round "4.15"]
[White "Zhao, Xue"]
[Black "Khotenashvili, Bela"]
[Result "1-0"]
[WhiteElo "2485"]
[BlackElo "2476"]
[Annotator "TA"]
[PlyCount "93"]
[EventDate "2019.05.14"]
[EventType "rapid"]
[EventCountry "CHN"]
[SourceTitle "playchess.com"]
[Source "ChessBase"]
[SourceQuality "1"]

{[%evp 9,93,16,33,21,45,25,32,-3,60,57,44,52,52,43,54,50,65,67,70,61,79,-29,0,-11,0,-47,-45,-106,-112,-104,-108,-110,-104,-52,-53,-68,-67,-161,-147,-172,-126,-127,-116,-116,-66,-125,-140,-207,-187,-211,-154,-170,-197,-200,-199,-493,-506,-475,-433,-365,-300,-293,-305,-301,-17,-352,-337,-398,-120,-114,0,0,76,77,117,110,706,643,29988,29989,29991,29992,29992,29990,29992,29993]} 1. d4 Nf6 2. Nc3 g6 3. e4 d6 4. Nf3 Bg7 5. h3 a6 6. a4 {B08: Pirc Defence: Classical System} b6 (6... Nc6 7. Be3 O-O 8. Be2 e5 9. dxe5 Nxe5 10. Nxe5 dxe5 11. Bc5 Re8 12. Qxd8 Rxd8 13. Bc4 Bf8 14. Bxf8 Kxf8 15. f3 a5 16. Rd1 Rxd1+ 17. Nxd1 {0-1 (38) Aleksandrov,A (2577)-Nepomniachtchi,I (2719) Almaty 2016}) 7. Bd3 O-O 8. e5 $146 {White is slightly better.} ({Predecessor:} 8. O-O c6 9. Qe2 Re8 10. Rd1 Qc7 11. Bc4 e6 12. e5 {½-½ (12) Bus,T (2129)-Offringa,J (2253) Maastricht 2014}) 8... Ne8 (8... dxe5 $11 9. dxe5 Nd5) 9. O-O $14 Bb7 10. Re1 c5 11. Bg5 {aiming for exd6.} dxe5 12. dxc5 ({Stronger than} 12. Nxe5 cxd4 13. Nxg6 hxg6 $17) 12... Nc6 13. cxb6 Qxb6 14. Nd5 Qd8 15. Bc4 (15. Bxa6 $1 $16 Bxa6 16. Nxe7+ $1 {[%mdl 512]} Nxe7 17. Qxd8 Rxd8 18. Bxe7) 15... Nd6 16. Ba2 {Strongly threatening Nxe5!} Nf5 17. c3 h6 18. Bd2 (18. Be3 $1 $15) 18... e6 $17 19. Ne3 e4 20. Nh2 Ne5 21. Nhg4 Nxe3 22. Bxe3 Nd3 $1 $36 {[%cal Rd3e1][%mdl 2048] Black fights for an advantage.} 23. Nxh6+ (23. Bxh6 $15 Bxh6 24. Nxh6+ Kg7 25. Ng4) 23... Kh7 $19 24. Ng4 Nxe1 25. Qxe1 f5 26. Nh2 Qe7 27. b4 (27. a5 $15) 27... Rfd8 $17 28. Bc5 (28. Rc1 $17) 28... Qf6 $19 29. Bd4 e5 30. Bc5 Qg5 $1 {And now ...e3 would win.} 31. Nf1 f4 $1 32. Nh2 $2 (32. Be6) 32... e3 $1 {[%csl Gb7][%cal Rg5g2]} 33. Ng4 {[%cal Rf2e3]} Rd2 {...Rxf2! is the strong threat.} 34. Bc4 {White hopes to continue with Bf1.} Rad8 {Threatens to win with ...Rxf2!} 35. Bf1 {[%cal Rf2e3]} exf2+ 36. Bxf2 {and if Bh4 works, White does fine.} Qf5 $2 {[#]} (36... R8d7 $19 {Hoping for ...e4.} 37. Bd4 Rxg2+ $1 {[%mdl 512]} 38. Bxg2 Bxg2 39. Kxg2 exd4 40. cxd4 Rxd4) 37. Bb6 $2 {[%mdl 8192]} (37. Bd4 $1 $11 {[%mdl 512] and White stays safe.} exd4 38. Qxd2) 37... R8d7 38. Qh4+ Kg8 $2 (38... Qh5 $19 39. Qe1 e4) 39. Re1 $17 {[%cal Ba1e1,Be1e5,Be5e8][%mdl 32]} f3 {[#]} ({Black should play} 39... Qe6 $17 40. Bc5 Rc2) 40. Rxe5 $1 $11 {[%mdl 512]} Rxg2+ ({Not} 40... f2+ $2 41. Bxf2 Qf7 {[#]} 42. Bc4 $1 $18 {[%mdl 512]}) (40... Qf7 $11 41. Qe1 f2+ $1 {[%mdl 512]} 42. Bxf2 Rd1) (40... Bxe5 41. Nh6+) 41. Bxg2 $16 Rd1+ 42. Bf1 f2+ $2 {[%mdl 8192]} (42... Rxf1+ $16 43. Kxf1 Qd3+ 44. Kg1 Bxe5 45. Nxe5 Qd1+ 46. Kh2 Qe2+ 47. Bf2 Qxe5+ 48. Qg3 Qxc3) 43. Bxf2 $18 Qf3 {[%csl Gb7][%cal Rf3h1]} 44. Re8+ {White mates.} Bf8 45. Nf6+ Kf7 46. Qc4+ Rd5 47. Qc7+ {[%mdl 64] Double Attack. Accuracy: White = 35%, Black = 48%.} 1-0

[Event "IMSA Rapid Women 2019"]
[Site "Hengshui"]
[Date "2019.05.14"]
[Round "4.16"]
[White "Krush, Irina"]
[Black "Paehtz, Elisabeth"]
[Result "1/2-1/2"]
[WhiteElo "2422"]
[BlackElo "2470"]
[Annotator "TA"]
[PlyCount "137"]
[EventDate "2019.05.14"]
[EventType "rapid"]
[EventCountry "CHN"]
[SourceTitle "playchess.com"]
[Source "ChessBase"]
[SourceQuality "1"]

{[%evp 11,137,52,73,38,36,39,70,50,76,46,87,68,79,80,78,75,65,66,62,0,59,73,72,50,77,73,86,92,95,97,115,74,194,188,195,163,206,213,218,222,270,265,260,251,301,300,323,283,280,235,310,299,391,234,231,45,33,23,87,95,84,88,96,0,54,0,64,54,72,66,70,63,68,75,70,3,124,70,145,72,73,0,72,72,72,0,79,67,79,0,79,0,79,0,81,9,80,0,79,0,54,16,80,0,0,0,40,0,79,0,87,0,87,41,46,0,91,50,95,0,95,0,102,0,102,0,80,0]} 1. d4 d6 2. Nf3 g6 3. c4 Bg7 4. Nc3 e5 5. e4 Bg4 6. d5 a5 7. Be2 {A42: Modern Defence: Averbakh Variation} Na6 8. O-O h5 $146 ({Predecessor:} 8... Bxf3 9. Bxf3 Kf8 10. a3 h5 11. Rb1 Bh6 12. b4 Nf6 13. Bxh6+ Rxh6 14. Na4 axb4 15. axb4 {0-1 (66) Topalov,V (2739)-Piket,J (2659) Monte Carlo 2002}) 9. Ne1 {White is slightly better.} Nf6 10. Nd3 b6 11. Bxg4 hxg4 12. Bg5 Qd7 13. f3 Nh7 14. Be3 Nf6 15. Bg5 Nh7 $1 {[%cal Rh7g5]} 16. Bd2 Nf6 17. fxg4 Nxg4 18. h3 $36 {[%mdl 2048] Black is under strong pressure.} Nf6 19. Qf3 Nc5 20. Nxc5 bxc5 21. Rf2 O-O (21... Nh5 $16) 22. g4 $1 $18 Nh7 23. h4 Qe7 24. Qg3 Rab8 25. b3 $1 f5 26. gxf5 gxf5 27. exf5 e4 28. Re1 Kh8 29. Rxe4 Be5 30. Qf3 Rg8+ 31. Kf1 Qg7 {[#]} 32. Ne2 (32. Rxe5 $142 $1 Qxe5 (32... dxe5 33. f6) 33. Ne4 Qa1+ 34. Ke2) 32... Nf6 33. Bg5 $2 (33. Rxe5 $1 $18 dxe5 34. Bg5 (34. Bxa5 Ng4 $11)) 33... Nxe4 $14 34. Qxe4 Qf7 (34... a4 $11) 35. Nf4 $1 $16 {[%cal Rf4g6]} Bxf4 36. Qxf4 Rbe8 37. Kg2 (37. f6 $16) 37... Re5 (37... Qh5 $1 $11) 38. Kh2 (38. Kh3 $14) 38... Rge8 (38... Qh5 $1 $11) 39. Qg4 $14 Re4 40. Qf3 Kh7 41. Rg2 R4e5 42. f6 Rg8 43. Rf2 (43. Rg1 $14) 43... Kh8 {[#]} (43... Rgxg5 $11 44. hxg5 Rxg5) 44. Qg4 (44. Bh6 $1 $16) 44... Ree8 {[#]} ({Black should try} 44... Rge8 $14) 45. Rg2 (45. Rf5 $142 $1) 45... Re5 46. Qf3 (46. a4 $16) 46... Ree8 (46... Kh7 $1 $11) 47. Rg3 Re5 48. Rg2 Ree8 49. Qf4 Re5 50. Rf2 (50. a4 $16) 50... Rg6 (50... Rexg5 $11 51. hxg5 Qh5+ 52. Kg1 Rxg5+ 53. Rg2 Qd1+ 54. Qf1 Qd4+ 55. Qf2 Rxg2+ 56. Kxg2 Qxf2+ 57. Kxf2 Kg8) 51. Rg2 Rg8 52. Qf3 (52. a3 $16) 52... Ree8 (52... Kh7 $11) 53. Qc3 (53. Kh3 $16) 53... Re4 (53... Re5 $1 $11) 54. Qf3 ({Better is} 54. Qxa5 $16 {And now Qc3 would win.} Qh5 55. Qc3 (55. Qxc7 {gets mated.} Rxg5 {[%mdl 64] Pin} 56. Qc8+ Kh7 57. Qd7+ Kh6 58. Rxg5 Rxh4+ 59. Kg2 Qxg5+ {[%mdl 64] Double Attack} 60. Kf1 Qf4+ 61. Kg1 Qg3+ 62. Kf1 Rh1+ 63. Ke2 Rh2+ 64. Kf1 Qf2#)) 54... Re5 (54... Ree8 $1 $11) 55. Qd3 (55. Rg3 $16) 55... Ree8 (55... Qh5 $11 56. Qh3 Re2) 56. Rg4 Re5 (56... Qh7 $1 $11 57. Qc3 Re5) 57. Rg2 (57. a3 $16) 57... Qh5 $11 58. Qh3 Qf7 59. Qf3 Ree8 (59... Kh7 $11) 60. Qg4 Re5 61. Qf3 (61. a4 $16) 61... Ree8 (61... Kh7 $11 {keeps the balance.}) 62. Kg1 Re1+ 63. Kh2 (63. Kf2 $5 {[%cal Rf2e1]} Rge8 64. Kg3 $16) 63... Ree8 (63... Re5 $11 {remains equal.}) 64. Qd3 Re5 65. Qf3 Ree8 66. Qd3 Re5 67. Qf3 Ree8 68. Qd3 Re5 69. Qf3 {Accuracy: White = 30%, Black = 49%.} ({White should play} 69. Rg4 $16) 1/2-1/2

[Event "IMSA Rapid Women 2019"]
[Site "Hengshui"]
[Date "2019.05.15"]
[Round "5.9"]
[White "Dzagnidze, Nana"]
[Black "Muzychuk, Mariya"]
[Result "1/2-1/2"]
[WhiteElo "2510"]
[BlackElo "2563"]
[Annotator "TA"]
[PlyCount "82"]
[EventDate "2019.05.14"]
[EventType "rapid"]
[EventCountry "CHN"]
[SourceTitle "playchess.com"]
[Source "ChessBase"]
[SourceQuality "1"]

{[%evp 18,82,13,4,8,7,10,0,38,42,41,37,67,75,66,28,34,26,49,47,44,26,26,24,44,55,60,20,37,0,0,0,0,0,0,0,0,0,0,0,0,0,0,0,0,0,0,0,0,0,0,0,0,0,0,0,0,0,0,0,0,0,0,0,0,0,0]} 1. Nf3 c5 2. b3 Nc6 3. Bb2 Nf6 4. e3 g6 5. c4 Bg7 6. Be2 O-O 7. O-O b6 8. d4 cxd4 9. Nxd4 Bb7 10. Bf3 d5 {A30: Symmetrical English: Double Fianchetto and Hedgehog} 11. Nxc6 Bxc6 12. Nc3 {[%cal Rc4d5]} (12. Na3 Rc8 13. Rc1 dxc4 14. Nxc4 Qxd1 15. Rfxd1 Bxf3 16. gxf3 Rfd8 17. a4 Nd7 18. Ba3 {½-½ (37) Flores,D (2631)-Iturrizaga Bonelli,E (2628) Buenos Aires 2018}) 12... e6 13. Qb1 $146 ({Predecessor:} 13. Qe2 Ne4 14. Bxe4 dxe4 15. Rfd1 Qe7 16. Qc2 Rfd8 17. Ne2 Bxb2 18. Qxb2 e5 {½-½ (48) Pesout,J (2258)-Munk,P (2137) Czechia 2002}) 13... Qe7 14. cxd5 Nxd5 15. Nxd5 Bxd5 16. Bxd5 exd5 17. Rd1 Rfd8 18. Bxg7 Kxg7 19. Qb2+ Qf6 20. Rd4 Rac8 21. Rad1 Rc5 22. b4 Rc4 23. Qe2 Rdc8 {The position is equal.} 24. h3 Rc2 25. R1d2 Rc1+ 26. Kh2 Rb1 27. Rc2 Qf5 28. Rxc8 Qxc8 $11 {[%mdl 4096] Endgame KQR-KQR} 29. Qd2 (29. Qd3 {feels hotter.} Qc7+ 30. f4 Qc1 31. Rxd5 Qg1+ 32. Kg3) 29... Qc1 30. Qxc1 Rxc1 31. Rxd5 {KR-KR} Rc2 32. Kg3 Rxa2 33. b5 Kf6 34. Rd7 Rb2 35. Rxa7 Rxb5 36. h4 h5 37. e4 Rb2 38. Rb7 Ke6 39. f4 Rb3+ 40. Kf2 Rb2+ 41. Kf3 Rb3+ {Accuracy: White = 70%, Black = 75%.} 1/2-1/2

[Event "IMSA Rapid Women 2019"]
[Site "Hengshui"]
[Date "2019.05.15"]
[Round "5.10"]
[White "Gunina, Valentina"]
[Black "Abdumalik, Zhansaya"]
[Result "1/2-1/2"]
[WhiteElo "2506"]
[BlackElo "2464"]
[Annotator "RC"]
[PlyCount "143"]
[EventDate "2019.05.14"]
[EventType "rapid"]
[EventCountry "CHN"]
[SourceTitle "playchess.com"]
[Source "ChessBase"]
[SourceQuality "1"]
[TimeControl "900+10"]

1. d4 {[%emt 0:00:00]} Nf6 {[%emt 0:00:00]} 2. c4 {[%emt 0:00:00]} g6 {[%emt 0:00:00]} 3. Nc3 {[%emt 0:00:00]} d6 {[%emt 0:00:22]} 4. e4 {[%emt 0:00:15]} Nbd7 {[%emt 0:00:32]} 5. Nf3 {[%emt 0:00:19]} e5 {[%emt 0:00:03]} 6. Be2 {[%emt 0:00:07]} Bg7 {[%emt 0:00:02]} 7. O-O {[%emt 0:00:03]} O-O {[%emt 0:00:07]} 8. Qc2 {[%emt 0:00:30]} exd4 {[%emt 0:00:33]} 9. Nxd4 {[%emt 0:00:02]} Re8 {[%emt 0:00:18]} 10. Be3 {[%emt 0:00:27]} c6 {[%emt 0:00:14]} 11. Rad1 {[%emt 0:00:14]} Qe7 {[%emt 0:00:08]} 12. f3 {[%emt 0:00:24]} a5 {[%emt 0:00:49]} 13. Rfe1 {[%emt 0:00:23]} Nc5 {[%emt 0:00:23]} 14. Bf1 {[%emt 0:00:05]} Nh5 {[%emt 0:00:38]} 15. g3 {[%emt 0:00:17]} Nf6 {[%emt 0:00:41]} 16. Bg2 {[%emt 0:00:03]} h5 {[%emt 0:00:20]} 17. Bg5 {[%emt 0:01:10]} Qf8 {[%emt 0:00:05]} 18. Qd2 {[%emt 0:00:34]} Nh7 {[%emt 0:00:47]} 19. Be3 {[%emt 0:00:14]} a4 {[%emt 0:01:04]} 20. h3 {[%emt 0:00:09]} Be6 {[%emt 0:02:14]} 21. Nxe6 {[%emt 0:00:32]} Nxe6 {[%emt 0:00:13]} 22. f4 {[%emt 0:00:07]} Qe7 {[%emt 0:00:32]} 23. Qxd6 {[%emt 0:00:59]} Qxd6 {[%emt 0:00:06]} 24. Rxd6 {[%emt 0:00:02]} a3 {[%emt 0:00:01]} 25. Bc1 {[%emt 0:01:23]} h4 {[%emt 0:00:44]} 26. f5 {[%emt 0:05:15]} gxf5 {[%emt 0:00:19]} 27. exf5 {[%emt 0:01:22]} Nd4 {[%emt 0:01:27]} 28. Rf1 {[%emt 0:01:49]} axb2 {[%emt 0:01:05]} 29. Bxb2 {[%emt 0:00:02]} Ne2+ {[%emt 0:01:38]} 30. Nxe2 {[%emt 0:00:04]} Bxb2 {[%emt 0:00:00]} 31. Rd2 {[%emt 0:00:42]} Bf6 {[%emt 0:00:06]} 32. gxh4 {[%emt 0:00:09]} Bxh4 {[%emt 0:00:02]} 33. Nf4 {[%emt 0:01:11]} Nf6 {[%emt 0:00:31]} 34. Rb2 {[%emt 0:00:38]} Re7 {[%emt 0:00:31]} 35. Nd3 {[%emt 0:00:35]} Ra3 {[%emt 0:01:18]} 36. Nc5 {[%emt 0:00:07]} b5 {[%emt 0:00:11]} 37. cxb5 {[%emt 0:00:05]} cxb5 {[%emt 0:00:01]} 38. Nb3 {[%emt 0:00:18]} Rea7 {[%emt 0:00:48]} 39. Rf4 {[%emt 0:00:07]} Bg5 {[%emt 0:00:08]} 40. Rf3 {[%emt 0:00:01]} Kh7 {[%emt 0:00:18]} 41. h4 {[%emt 0:00:43]} Bh6 {[%emt 0:00:01]} 42. Bf1 {[%emt 0:00:09]} Rxa2 {[%emt 0:01:11]} 43. Rxa2 {[%emt 0:00:02]} Rxa2 {[%emt 0:00:01]} 44. Bxb5 {[%emt 0:00:01]} Ng4 {[%emt 0:00:19]} 45. Rc3 {[%emt 0:00:24]} Rb2 {[%emt 0:00:46]} 46. f6 {[%emt 0:00:23]} Nxf6 {[%emt 0:00:13]} 47. Nd4 {[%emt 0:00:07]} Rb1+ {[%emt 0:00:47]} 48. Kg2 {[%emt 0:00:02]} Rc1 {[%emt 0:00:02]} 49. Bd3+ {[%emt 0:00:04]} Kg8 {[%emt 0:00:02]} 50. Rb3 {[%emt 0:00:08]} Rc8 {[%emt 0:00:06]} 51. Nf5 {[%emt 0:00:05]} Bf8 {[%emt 0:00:01]} 52. Kf3 {[%emt 0:00:14]} Rd8 {[%emt 0:00:09]} 53. Bc4 {[%emt 0:00:02]} Rc8 {[%emt 0:00:08]} 54. Bd3 {[%emt 0:00:15]} Rd8 {[%emt 0:00:01]} 55. Ba6 {[%emt 0:00:19]} Nd7 {[%emt 0:00:12]} 56. Kf4 {[%emt 0:00:15]} Nc5 {[%emt 0:00:10]} 57. Rg3+ {[%emt 0:00:01]} Kh7 {[%emt 0:00:08]} 58. Bc4 {[%emt 0:00:03]} Ne6+ {[%emt 0:00:03]} 59. Ke5 {[%emt 0:00:05]} Nd4 {[%emt 0:00:47]} 60. Bxf7 {[%emt 0:00:23]} Nxf5 {[%emt 0:00:01]} 61. Kxf5 {[%emt 0:00:01]} Bg7 {[%emt 0:00:11]} 62. Rb3 {[%emt 0:00:14]} Rd6 {[%emt 0:00:07]} 63. Rb7 {[%emt 0:00:14]} Kh6 {[%emt 0:00:03]} 64. Be6 {[%emt 0:00:16]} Rd2 {[%emt 0:00:12]} 65. Rb6 {[%emt 0:00:05]} Rf2+ {[%emt 0:00:10]} 66. Kg4 {[%emt 0:00:05]} Rf6 {[%emt 0:00:02]} 67. Rc6 {[%emt 0:00:04]} Bh8 {[%emt 0:00:05]} 68. h5 {[%emt 0:00:05]} Bg7 {[%emt 0:00:00]} 69. Ra6 {[%emt 0:00:02]} Bh8 {[%emt 0:00:00]} 70. Rc6 {[%emt 0:00:01]} Bg7 {[%emt 0:00:00]} 71. Ra6 {[%emt 0:00:01]} Bh8 {[%emt 0:00:00]} 72. Rc6 1/2-1/2

[Event "IMSA Rapid Women 2019"]
[Site "Hengshui"]
[Date "2019.05.15"]
[Round "5.11"]
[White "Stefanova, Antoaneta"]
[Black "Koneru, Humpy"]
[Result "1-0"]
[WhiteElo "2470"]
[BlackElo "2553"]
[Annotator "TA"]
[PlyCount "127"]
[EventDate "2019.05.14"]
[EventType "rapid"]
[EventCountry "CHN"]
[SourceTitle "playchess.com"]
[Source "ChessBase"]
[SourceQuality "1"]

{[%evp 14,127,7,0,8,-13,-12,-8,-12,-64,-61,-95,-58,-73,-19,-33,-10,-86,-81,-75,-72,-88,-24,-21,-36,-24,0,0,0,0,51,29,30,30,83,0,0,0,-1,-11,-14,-14,-12,-12,0,11,0,-15,0,-33,66,66,70,47,63,74,75,58,59,65,60,44,114,107,116,110,133,128,164,165,191,164,184,158,158,157,281,208,217,200,411,367,302,100,133,140,128,102,146,161,162,87,95,70,110,31,31,31,39,27,31,27,304,300,441,441,6648,5941,29978,29979,29979,29980,29980,29981,29981,29982]} 1. Nf3 Nf6 2. g3 d5 3. Bg2 c5 4. O-O e6 5. c4 d4 6. e3 Nc6 7. exd4 cxd4 8. d3 Be7 {A13: English Opening: 1...e6} (8... Bd6 9. Bg5 h6 10. Bxf6 Qxf6 11. Nbd2 Qe7 12. a3 a5 13. Ne4 Bc7 14. b4 axb4 15. axb4 Rxa1 16. Qxa1 Qxb4 {0-1 (43) Maghsoodloo,P (2673)-Matlakov,M (2692) Sharjah 2019}) 9. a3 a5 $1 10. Re1 Nd7 {The position is equal.} 11. Bf4 ({White should try} 11. Nbd2 $11) 11... O-O 12. Ne5 Ndxe5 $146 ({Predecessor:} 12... Ncxe5 13. Bxe5 Nc5 14. Qc2 f6 15. Bf4 e5 16. Bc1 {1-0 (38) Nothnagel,H (2301)-Sarbok,T (2328) Germany 2017}) 13. Bxe5 Qb6 ({Don't play} 13... Nxe5 14. Rxe5 Bd7 15. Nd2 $11) (13... g5 $17 14. g4 Nxe5 15. Rxe5 Qc7) 14. Qc2 $11 g5 15. g4 (15. c5 $11 {keeps the balance.} Qd8 16. Qc4) 15... Nxe5 $17 16. Rxe5 Qc7 17. Qe2 f6 ({Black should play} 17... Bd7 $17 {Black wants to play ...Bf6.} 18. Qe1 h6) 18. Rxe6 $11 Bxe6 19. Qxe6+ Kg7 20. Nd2 Ra6 21. Qf5 Qf4 (21... Qe5 $11) 22. Qxf4 gxf4 23. Re1 Bd6 {[#]} (23... Bc5 $11) 24. Ne4 (24. Nb3 $1 $16) 24... Re8 25. Rc1 Bf8 26. c5 Rc8 27. Rc4 b6 {[%cal Rb6c5]} 28. Rxd4 {Strongly threatening Rd7+.} bxc5 29. Rd7+ Kh8 30. h4 Rb6 31. g5 fxg5 (31... f5 $15 32. Nd2 (32. Nf6 Bg7 $17) 32... Rd6) 32. Nxg5 $14 Bg7 33. Nf7+ Kg8 34. Bd5 {Black must now prevent Nd6+.} Kf8 35. Nd6 Rxd6 36. Rxd6 Bxb2 {[%mdl 4096] Endgame KRB-KRB} 37. a4 Rc7 (37... Re8 $14) 38. Kg2 $16 Rg7+ 39. Kf3 Bd4 40. Ra6 ({Don't take} 40. Kxf4 $6 Bxf2 41. Rf6+ Ke7 $14) 40... Rg1 41. Rxa5 Rf1 42. Kxf4 Rxf2+ 43. Kg4 h5+ 44. Kg3 Rd2 (44... Rf1 $16 45. Bf3 Ke7 46. Bxh5 Rg1+ 47. Kf4 Rh1 48. Ra7+ Kd6) 45. Bc4 $18 Bf2+ 46. Kf3 Kg7 $2 (46... Ke7 47. Ra6 Bxh4) 47. Rb5 Bxh4 48. Rxc5 $2 (48. a5 $18 {and White stays clearly on top.}) 48... Kg6 49. a5 {aiming for a6.} Rf2+ 50. Ke3 {Threatens to win with a6.} Rf6 {...Bf2+ is the strong threat.} 51. Rc8 Bf2+ 52. Ke2 (52. Ke4 $18) 52... h4 $16 53. Rg8+ Kh5 54. Bd5 (54. a6 $16) 54... Bd4 $14 55. Bf3+ Kh6 56. Rg4 Re6+ 57. Kf1 Bf6 $2 {[%mdl 8192] [#]} (57... Bc3 $1 $11) 58. Ra4 $1 $18 Rd6 (58... Ra6 {keeps fighting.} 59. Bb7 Ra7) 59. a6 Bd4 {[#]} (59... Rxd3 $142 60. a7 Rd8) 60. Rxd4 $1 {[%mdl 576] Remove Defender, Promotion} Rxd4 61. a7 {White mates.} Ra4 62. a8=Q Rxa8 63. Bxa8 Kg5 64. Kg2 {Accuracy: White = 43%, Black = 49%.} 1-0

[Event "IMSA Rapid Women 2019"]
[Site "Hengshui"]
[Date "2019.05.15"]
[Round "5.12"]
[White "Kosteniuk, Alexandra"]
[Black "Zhao, Xue"]
[Result "1/2-1/2"]
[WhiteElo "2546"]
[BlackElo "2485"]
[Annotator "TA"]
[PlyCount "112"]
[EventDate "2019.05.14"]
[EventType "rapid"]
[EventCountry "CHN"]
[SourceTitle "playchess.com"]
[Source "ChessBase"]
[SourceQuality "1"]

{[%evp 17,112,31,33,33,41,20,166,14,15,14,5,8,21,7,37,31,41,-8,-5,-6,-17,-11,-7,-20,0,0,0,-44,-27,-33,0,0,0,-17,0,0,10,0,0,0,0,0,0,0,0,0,0,0,0,0,0,0,0,0,0,0,0,0,0,0,0,0,0,0,0,0,0,0,0,0,0,0,0,0,0,0,0,0,0,0,0,0,0,0,0,0,0,0,0,0,0,0,0,0,0,0,0]} 1. c4 Nf6 2. Nc3 e5 3. Nf3 Nc6 4. g3 Bb4 5. Bg2 O-O 6. O-O Re8 7. Nd5 Nxd5 8. cxd5 Nd4 9. Nxd4 exd4 10. e3 {A29: English Opening: Four Knights Variation with 4 g3} (10. Qa4 a5 11. e3 b5 12. Qc2 Bb7 13. b3 Qg5 14. a3 Bf8 15. Bb2 Bxd5 16. e4 Bb7 17. Bxd4 c5 {½-½ (41) So,W (2788)-Carlsen,M (2863) Shamkir 2015}) 10... Qf6 11. Rb1 $146 ({Predecessor:} 11. Qc2 c6 12. a3 Bf8 13. b4 d3 14. Qb3 a5 15. Bb2 Qg6 16. Rfc1 Be7 17. Bf1 axb4 18. axb4 Rxa1 19. Rxa1 {½-½ (41) Peuraniemi,P (2441)-Weinitschke,G (2461) ICCF corr 1999}) 11... d6 {[#]} (11... a5 $11 {and Black stays safe.}) 12. a3 $2 (12. Qa4 $1 $18 {[%cal Ra4e8][%mdl 512]} Bf5 13. e4) 12... Bc5 $11 13. b4 Bb6 14. Bb2 Bf5 15. d3 Bd7 16. Rc1 Qd8 17. e4 a5 18. f4 axb4 19. axb4 Bb5 20. Qd2 Qd7 21. f5 f6 22. g4 Ra2 23. Ra1 Rea8 (23... Rxb2 $5 24. Qxb2 Bxd3 $15 {[%mdl 64] Double Attack}) 24. Rxa2 {The position is equal.} Rxa2 25. Ra1 Rxa1+ 26. Bxa1 Qd8 27. Qf2 Qa8 28. Bxd4 Bxd4 29. Qxd4 Qa3 30. Bf1 Qc1 31. h3 b6 32. Kg2 Qe1 33. Qb2 Ba4 34. b5 h5 35. gxh5 Kh7 36. Be2 Bxb5 37. Qxb5 {aiming for Qb2.} Qxe2+ {[%mdl 4160] Endgame Double Attack. KQ-KQ} 38. Kg3 Qe3+ 39. Kg2 Qd2+ 40. Kg3 Qe1+ 41. Kg2 Qe2+ 42. Kg3 Qxh5 43. d4 Qg5+ 44. Kf3 Qh5+ 45. Kg3 Qg5+ 46. Kf3 Qg1 47. Qe8 Qf1+ 48. Kg3 Qd3+ 49. Kg4 Qd1+ 50. Kg3 Qg1+ 51. Kf3 Qg5 52. h4 Qxh4 53. Qg6+ Kg8 {And now ...Qh1+ would win.} 54. Qe8+ Kh7 55. Qg6+ Kg8 {Strongly threatening ...Qh1+.} 56. Qe8+ Kh7 {Accuracy: White = 62%, Black = 66%.} 1/2-1/2